| 000 | 01082nam a2200253 a 4500 | ||
|---|---|---|---|
| 001 | 000027631 | ||
| 005 | 20200930030957.0 | ||
| 008 | 110401s1990 dr abc 001 0 spa d | ||
| 040 |
_aDO-SdBNP _bspa _cBNPHU |
||
| 082 |
_a646.297295 _bG643u |
||
| 100 | 1 |
_aGonzález García, Lydia Milagros _925062 |
|
| 245 | 1 | 4 |
_aUna puntada en el tiempo : _bla industria de la aguja en Puerto Rico (1900-1929) / _cLydia Milagros González García. |
| 260 |
_aSanto Domingo : _bCEREP : _bCIPAF, _c1990. _fTaller, |
||
| 300 |
_a139 p. : _bil., mapas, retrs. ; _c19 cm. |
||
| 504 | _aBibliografía y notas al final de capítulos. | ||
| 504 | _aBibliografía: p.117-128. | ||
| 590 | _aInventariado, 2018/ YL | ||
| 650 | 4 |
_aCorte y confección _xHistoria _zPuerto Rico _954721 |
|
| 650 | 4 |
_aLabores de aguja _xAspectos económicos _zPuerto Rico _954722 |
|
| 650 | 4 |
_aIndustrias manufactureras _xHistoria _zPuerto Rico _954723 |
|
| 650 | 4 |
_aMujeres en la industria _xHistoria _zPuerto Rico _954724 |
|
| 650 | 4 |
_aMujeres trabajadoras _xHistoria _zPuerto Rico _954725 |
|
| 910 | _aValidado. Control de calidad EMS | ||
| 999 |
_c27123 _d27123 |
||